000 00630cam a2200169 i 4500
005 20251216104055.0
008 250721s2020 jo gr 000 0 ara d
082 1 4 _a216.933
_bم ز و
100 1 _aالمزوري، رقيب سعيد شرف
_eمؤلف.
245 1 2 _aالإعلام في المنظور الإسلامي /
_cتأليف رقيب سعيد شرف المزوري.
250 _aالطبعة الأولى.
264 3 1 _aعمان :
_bدار المعتز للنشر و التوزيع،
_c2020.
300 _a215 صفحة.
650 1 7 _aالاعلام الاسلامي.
942 _2ddc
_cBK
999 _c141395
_d141395